[Event "Wch U18 Girls"]
[Site "Khanty-Mansiysk"]
[Date "2016.09.29"]
[Round "7"]
[White "Gazikova, Veronika"]
[Black "Trippold, Denise"]
[Result "1-0"]
[WhiteElo "2213"]
[BlackElo "2068"]
[PlyCount "83"]
[EventDate "2016.09.22"]
[EventType "swiss"]
[EventRounds "11"]
[EventCountry "RUS"]
[SourceTitle "EXT 2017"]
[Source "ChessBase"]
[SourceDate "2016.10.25"]
[SourceVersion "1"]
[SourceVersionDate "2016.10.25"]
[SourceQuality "1"]

1. Nf3 Nf6 2. g3 b6 3. Bg2 Bb7 4. d3 c5 5. e4 d6 6. 0-0 g6 7. Nbd2 Bg7 8. Nh4 Nc6 9. f4 0-0 10. Ndf3 Qc7 11. f5 Nd7 12. c3 Nde5 13. fxg6 hxg6 14. Ng5 Ba6 15. Bh3 Bc8 16. Bf4 Bxh3 17. Nxh3 b5 18. Qd2 Qd7 19. Kg2 Ng4 20. Nf3 Rab8 21. Nf2 Nge5 22. Ng5 b4 23. h4 bxc3 24. bxc3 Rb6 25. Rab1 Rfb8 26. Rxb6 Rxb6 27. Qe2 Qb7 28. Bc1 Qd7 29. Nfh3 d5 30. h5 dxe4 31. hxg6 fxg6 32. Qxe4 Qxd3 33. Qh4 Qe2+ 34. Rf2 Qh5 35. Qe4 Qd1 36. Rf1 Qd3 37. Qh4 Qe2+ 38. Kg1 Qh5 39. Qe4 Qg4 40. Bf4 Qd7 41. Bxe5 Rb2 42. Bxg7 1-0

[Event "Wch U18 Girls"]
[Site "Khanty-Mansiysk"]
[Date "2016.09.22"]
[Round "1"]
[White "Gazikova, Veronika"]
[Black "Stanciu, Ioana Georgiana"]
[Result "1-0"]
[WhiteElo "2213"]
[BlackElo "1931"]
[PlyCount "75"]
[EventDate "2016.09.22"]
[EventType "swiss"]
[EventRounds "11"]
[EventCountry "RUS"]
[SourceTitle "EXT 2017"]
[Source "ChessBase"]
[SourceDate "2016.10.25"]
[SourceVersion "1"]
[SourceVersionDate "2016.10.25"]
[SourceQuality "1"]

1. e4 c5 2. Nf3 Nc6 3. d4 cxd4 4. Nxd4 Nf6 5. Nc3 e5 6. Ndb5 d6 7. Bg5 a6 8. Na3 b5 9. Nd5 Be7 10. Bxf6 Bxf6 11. c3 Bg5 12. Nc2 Rb8 13. g3 0-0 14. h4 Bh6 15. g4 g6 16. Bd3 Be6 17. g5 Bg7 18. Qd2 Bxd5 19. exd5 Ne7 20. Ne3 Qd7 21. 0-0-0 Nc8 22. h5 Nb6 23. f3 Rfc8 24. hxg6 hxg6 25. Rh4 a5 26. Rdh1 e4 27. Bxe4 b4 28. Rh7 Nc4 29. Qh2 Kf8 30. Rxg7 Ne5 31. Qf4 Qe7 32. Rgh7 Ke8 33. Nd1 bxc3 34. Nxc3 Qb7 35. R1h2 Qb4 36. Qe3 Nc4 37. Qd4 Kd8 38. Rxf7 1-0

[Event "POL-chT U20"]
[Site "Suchedniow"]
[Date "2016.07.31"]
[Round "9.17"]
[White "Malinowska, Monika"]
[Black "Gazikova, Veronika"]
[Result "0-1"]
[WhiteElo "1378"]
[BlackElo "2207"]
[PlyCount "74"]
[EventDate "2016.07.23"]
[EventType "team-tourn"]
[EventRounds "9"]
[EventCountry "POL"]
[SourceTitle "EXT 2019"]
[Source "ChessBase"]
[SourceDate "2018.10.10"]
[SourceVersion "1"]
[SourceVersionDate "2018.10.10"]
[SourceQuality "1"]

1. d4 Nf6 2. c4 Nc6 3. Nf3 e6 4. Nc3 Bb4 5. Bd2 0-0 6. e3 d6 7. a3 Bxc3 8. Bxc3 Ne4 9. Qc2 Nxc3 10. Qxc3 Qe7 11. Be2 e5 12. d5 Nb8 13. c5 f5 14. cxd6 cxd6 15. 0-0 Nd7 16. Qc7 Qf6 17. b4 Rf7 18. Qc3 Qh6 19. Rfd1 Nf6 20. Nd2 Bd7 21. Rac1 Ba4 22. Nb3 Ne4 23. Qd3 Qh4 24. Rf1 Bxb3 25. Qxb3 Nd2 26. Qc3 Nxf1 27. Bxf1 f4 28. exf4 Qxf4 29. f3 e4 30. Be2 exf3 31. Bxf3 Re8 32. h3 Re3 33. Qb2 Rfe7 34. Rf1 Re1 35. Qf2 Rxf1+ 36. Qxf1 Qg3 37. Be2 Qe3+ 0-1

[Event "POL-chT U20"]
[Site "Suchedniow"]
[Date "2016.07.30"]
[Round "8.23"]
[White "Gazikova, Veronika"]
[Black "Kaczmarska, Joanna"]
[Result "1-0"]
[WhiteElo "2207"]
[BlackElo "1923"]
[PlyCount "122"]
[EventDate "2016.07.23"]
[EventType "team-tourn"]
[EventRounds "9"]
[EventCountry "POL"]
[SourceTitle "EXT 2019"]
[Source "ChessBase"]
[SourceDate "2018.10.10"]
[SourceVersion "1"]
[SourceVersionDate "2018.10.10"]
[SourceQuality "1"]

1. e4 e5 2. Nf3 Nc6 3. Bc4 Nf6 4. d3 Be7 5. 0-0 0-0 6. Re1 d6 7. c3 Na5 8. Bb5 a6 9. Ba4 b5 10. Bc2 c5 11. Nbd2 Re8 12. Nf1 Bf8 13. h3 g6 14. N3h2 Bg7 15. Qf3 Be6 16. g4 Rf8 17. Ng3 Ne8 18. Qg2 Nc6 19. Nf3 f6 20. g5 f5 21. exf5 Bxf5 22. Nxf5 gxf5 23. Nh4 Ne7 24. d4 cxd4 25. cxd4 e4 26. Rd1 d5 27. Bf4 Kh8 28. Qg3 Nc6 29. Bb3 Nxd4 30. Rxd4 Bxd4 31. Rd1 Bg7 32. Ng6+ hxg6 33. Qh4+ Kg8 34. Bxd5+ Rf7 35. Bxf7+ Kxf7 36. Rxd8 Rxd8 37. Qg3 Rd5 38. Qb3 Ke6 39. Qa3 Nd6 40. Qxa6 Bxb2 41. Bxd6 Rxd6 42. Qxb5 Bd4 43. Kg2 Rb6 44. Qc4+ Ke5 45. f4+ exf3+ 46. Kxf3 Rb2 47. Qc7+ Kd5 48. Qf7+ Ke5 49. Qf6+ Kd5 50. Qxg6 Rf2+ 51. Kg3 f4+ 52. Kg4 Be3 53. Qd3+ Ke5 54. a4 Rd2 55. Qf5+ Kd4 56. g6 Rg2+ 57. Kh5 Rg3 58. g7 f3 59. Kh4 Bf2 60. Qf4+ Kd3 61. Qxg3 Kd4 1-0

[Event "POL-chT U20"]
[Site "Suchedniow"]
[Date "2016.07.28"]
[Round "6.29"]
[White "Gazikova, Veronika"]
[Black "Kopica, Paulina"]
[Result "1-0"]
[WhiteElo "2207"]
[BlackElo "1899"]
[PlyCount "95"]
[EventDate "2016.07.23"]
[EventType "team-tourn"]
[EventRounds "9"]
[EventCountry "POL"]
[SourceTitle "EXT 2019"]
[Source "ChessBase"]
[SourceDate "2018.10.10"]
[SourceVersion "1"]
[SourceVersionDate "2018.10.10"]
[SourceQuality "1"]

1. e4 e6 2. d3 c5 3. Nf3 Nc6 4. g3 g6 5. Bg2 Bg7 6. 0-0 Nge7 7. Re1 e5 8. c3 0-0 9. Nbd2 d6 10. Nf1 h6 11. Nh4 Be6 12. Ne3 f5 13. Bh3 Qd7 14. exf5 gxf5 15. Neg2 Rae8 16. Qh5 Rf6 17. Ne3 Ref8 18. Nc2 Bf7 19. Qe2 Be6 20. b3 Nd5 21. Bb2 f4 22. Bxe6+ Qxe6 23. c4 Nde7 24. d4 fxg3 25. fxg3 Rf2 26. Qxf2 Rxf2 27. Kxf2 Qf7+ 28. Kg2 cxd4 29. Rf1 Qh5 30. Rf2 e4 31. Re1 e3 32. Rf3 Ne5 33. Bxd4 Nxf3 34. Nxf3 Bxd4 35. Nfxd4 d5 36. Rxe3 Kf7 37. Rf3+ Ke8 38. Ne6 Qe5 39. Ncd4 Ng6 40. cxd5 Kd7 41. Rf5 Qd6 42. Kh3 Ne7 43. Rf8 Qb6 44. Rd8+ Qxd8 45. Nxd8 Kxd8 46. Ne6+ Kd7 47. Nf4 Kd6 48. Kg4 1-0

[Event "Wch U16 Girls"]
[Site "Porto Carras"]
[Date "2015.11.01"]
[Round "7"]
[White "Avramidou, Anastasia"]
[Black "Gazikova, Veronika"]
[Result "1/2-1/2"]
[WhiteElo "2249"]
[BlackElo "2190"]
[PlyCount "85"]
[EventDate "2015.10.25"]
[EventType "swiss"]
[EventRounds "11"]
[EventCountry "GRE"]
[SourceTitle "CBM 169 Extra"]
[Source "ChessBase"]
[SourceDate "2015.12.18"]
[SourceVersion "1"]
[SourceVersionDate "2015.12.18"]
[SourceQuality "1"]

1. e4 Nf6 2. e5 Nd5 3. d4 d6 4. c4 Nb6 5. f4 g6 6. Be3 Bg7 7. Nc3 0-0 8. c5 dxc5 9. dxc5 N6d7 10. Bc4 e6 11. Nf3 b6 12. 0-0 Bb7 13. Qe2 Qe7 14. cxb6 axb6 15. Nb5 Na6 16. a4 Ndc5 17. a5 Nb4 18. axb6 cxb6 19. Nd6 Rxa1 20. Rxa1 Ra8 21. Rxa8+ Bxa8 22. Qd2 Nd5 23. Bxc5 bxc5 24. Qa5 Nc7 25. Qxc5 Bxf3 26. gxf3 g5 27. Ne4 Qxc5+ 28. Nxc5 gxf4 29. Nd7 Bf8 30. Nxf8 Kxf8 31. Kf1 Ke7 32. Ke2 f6 33. exf6+ Kxf6 34. Bd3 h6 35. Be4 Ke5 36. Kd3 Kd6 37. b4 e5 38. Bb7 Nb5 39. Ke4 Nc3+ 40. Kf5 Na2 41. b5 Nc3 42. Bc6 Ne2 43. h4 1/2-1/2

[Event "Wch U16 Girls"]
[Site "Porto Carras"]
[Date "2015.10.31"]
[Round "6"]
[White "Gazikova, Veronika"]
[Black "Rogozenco, Teodora Nana"]
[Result "1-0"]
[WhiteElo "2190"]
[BlackElo "2110"]
[PlyCount "47"]
[EventDate "2015.10.25"]
[EventType "swiss"]
[EventRounds "11"]
[EventCountry "GRE"]
[SourceTitle "CBM 169 Extra"]
[Source "ChessBase"]
[SourceDate "2015.12.18"]
[SourceVersion "1"]
[SourceVersionDate "2015.12.18"]
[SourceQuality "1"]

1. d4 f5 2. c4 Nf6 3. Nc3 g6 4. Nf3 Bg7 5. Bf4 d6 6. Qc2 0-0 7. h3 Nh5 8. Bh2 f4 9. e3 e5 10. 0-0-0 fxe3 11. fxe3 Bh6 12. dxe5 Nc6 13. Nd5 dxe5 14. Nxe5 Nxe5 15. Bxe5 Qe8 16. Qc3 Rf2 17. g4 Qa4 18. gxh5 c6 19. Nf4 Bf5 20. Bd3 Qxa2 21. Bxf5 gxf5 22. Rhg1+ Kf7 23. Qd3 Rd8 24. Qxf5+ 1-0

[Event "SVK-chT2B 1516"]
[Site "Slovakia"]
[Date "2015.10.17"]
[Round "1.6"]
[White "Gazikova, Veronika"]
[Black "Zatko, Gregor"]
[Result "0-1"]
[WhiteElo "2190"]
[BlackElo "2123"]
[PlyCount "58"]
[EventDate "2015.10.17"]
[EventType "team-tourn"]
[EventRounds "11"]
[EventCountry "SVK"]
[SourceTitle "EXT 2019"]
[Source "ChessBase"]
[SourceDate "2018.10.10"]
[SourceVersion "1"]
[SourceVersionDate "2018.10.10"]
[SourceQuality "1"]
[WhiteTeam "Bojnice SK PRM"]
[BlackTeam "Levice"]
[WhiteTeamCountry "SVK"]
[BlackTeamCountry "SVK"]

1. e4 c5 2. Nf3 e6 3. d4 cxd4 4. Nxd4 a6 5. Bd3 Bc5 6. Nb3 Be7 7. Nc3 Qc7 8. 0-0 b5 9. Be3 Bb7 10. f4 Nf6 11. e5 Nd5 12. Nxd5 Bxd5 13. Qg4 g6 14. Nd2 Nc6 15. c3 Na5 16. Bd4 Nc4 17. Bxc4 bxc4 18. Rf2 h5 19. Qh3 Rb8 20. Nf1 Rb5 21. Re1 Qa5 22. Ne3 h4 23. Rfe2 Rh5 24. b3 Qc7 25. b4 Ba8 26. a4 Rb8 27. Rd2 Qc6 28. a5 Rc8 29. Bb6 d6 0-1

[Event "POL-chT 1st League"]
[Site "Jastrzebia Gora"]
[Date "2015.09.06"]
[Round "2.6"]
[White "Warakomska, Anna"]
[Black "Gazikova, Veronika"]
[Result "1-0"]
[WhiteElo "2267"]
[BlackElo "2231"]
[PlyCount "57"]
[EventDate "2015.09.05"]
[EventType "team-tourn"]
[EventRounds "9"]
[EventCountry "POL"]
[SourceTitle "EXT 2016"]
[Source "ChessBase"]
[SourceDate "2015.10.08"]
[SourceVersion "1"]
[SourceVersionDate "2015.10.08"]
[SourceQuality "1"]
[WhiteTeam "Gliwice Akademia Szachowa"]
[BlackTeam "Dabrowa Gornicza Zaglebie"]
[WhiteTeamCountry "POL"]
[BlackTeamCountry "POL"]

1. e4 Nf6 2. e5 Nd5 3. d4 d6 4. Nf3 g6 5. Bc4 Nb6 6. Bb3 Bg7 7. 0-0 0-0 8. a4 a5 9. h3 Nc6 10. Qe2 d5 11. Bf4 f6 12. e6 f5 13. Nc3 Ra6 14. Nb5 Na8 15. Ng5 Rf6 16. c3 h6 17. Nf7 Qf8 18. Bxd5 Nd8 19. Nxd8 Qxd8 20. Ba2 Bxe6 21. Be5 Bxa2 22. Bxf6 Re6 23. Qc2 Bc4 24. Bxg7 Bxf1 25. Qb3 Kxg7 26. Qxe6 Bd3 27. Re1 c6 28. Na3 Be4 29. f3 1-0

[Event "POL-chT U19 46th"]
[Site "Ustron"]
[Date "2015.08.02"]
[Round "9.29"]
[White "Leczek, Weronika"]
[Black "Gazikova, Veronika"]
[Result "0-1"]
[WhiteElo "1655"]
[BlackElo "2263"]
[PlyCount "66"]
[EventDate "2015.07.25"]
[EventType "team-tourn"]
[EventRounds "9"]
[EventCountry "POL"]
[SourceTitle "EXT 2018"]
[Source "ChessBase"]
[SourceDate "2017.10.13"]
[SourceVersion "1"]
[SourceVersionDate "2017.10.13"]
[SourceQuality "1"]
[WhiteTeam "Trzebinia UKS Hetman Koronny U19 II"]
[BlackTeam "Katowice Hetman Szopienice U19"]
[WhiteTeamCountry "POL"]
[BlackTeamCountry "POL"]

1. e4 Nf6 2. e5 Nd5 3. c4 Nb6 4. d4 d6 5. exd6 exd6 6. Nc3 Be7 7. Be3 0-0 8. Bd3 Bf6 9. Nge2 Be6 10. b3 d5 11. c5 N6d7 12. Rc1 Nc6 13. Bb1 Re8 14. 0-0 Nf8 15. Nf4 Qd7 16. Nh5 Be7 17. Ng3 Rad8 18. Nce2 Bf6 19. Nh5 Bh4 20. Nhf4 Bg4 21. Qd2 Bf6 22. b4 g5 23. b5 Ne7 24. Nd3 Nf5 25. Ne5 Bxe5 26. Bxf5 Qxf5 27. dxe5 Bxe2 28. Qxe2 d4 29. Bd2 Rxe5 30. Qh5 Ne6 31. c6 Rxb5 32. cxb7 Rb2 33. Bxg5 Qxg5 0-1

[Event "POL-chT U19 46th"]
[Site "Ustron"]
[Date "2015.07.29"]
[Round "5.17"]
[White "Dadello, Aleksandra"]
[Black "Gazikova, Veronika"]
[Result "1-0"]
[WhiteElo "2068"]
[BlackElo "2263"]
[PlyCount "73"]
[EventDate "2015.07.25"]
[EventType "team-tourn"]
[EventRounds "9"]
[EventCountry "POL"]
[SourceTitle "EXT 2018"]
[Source "ChessBase"]
[SourceDate "2017.10.13"]
[SourceVersion "1"]
[SourceVersionDate "2017.10.13"]
[SourceQuality "1"]
[WhiteTeam "Wroclaw Polonia U19"]
[BlackTeam "Katowice Hetman Szopienice U19"]
[WhiteTeamCountry "POL"]
[BlackTeamCountry "POL"]

1. e4 c5 2. Nf3 e6 3. d4 cxd4 4. Nxd4 Nf6 5. Nc3 Bb4 6. e5 Nd5 7. Qg4 g6 8. Ndb5 Nc6 9. Qg3 Nxc3 10. bxc3 Be7 11. Bh6 Qa5 12. Qe3 f5 13. Be2 Kf7 14. 0-0 b6 15. Rfd1 a6 16. Nd6+ Bxd6 17. exd6 Rb8 18. Bf4 Bb7 19. Bf3 Nd8 20. Be5 Rf8 21. Re1 Bxf3 22. Qh6 Nc6 23. Qxh7+ Ke8 24. Bg7 Bh5 25. Bxf8 Kxf8 26. Qxd7 Qd5 27. Rxe6 Rd8 28. Rf6+ Kg8 29. Qc7 Qe5 30. Rf7 g5 31. Rd7 Re8 32. Rf1 Qxc3 33. Rh7 Bg6 34. Rh6 Qg7 35. Rxg6 Qxg6 36. Qxc6 Qe6 37. Qxb6 1-0

[Event "Mitropa Cup (Women)"]
[Site "Zillertal"]
[Date "2015.06.16"]
[Round "3.4"]
[White "Newrkla, Katharina"]
[Black "Gazikova, Veronika"]
[Result "1/2-1/2"]
[WhiteElo "2153"]
[BlackElo "2287"]
[PlyCount "69"]
[EventDate "2015.06.14"]
[EventType "team-tourn"]
[EventRounds "9"]
[EventCountry "AUT"]
[SourceTitle "CBM 167 Extra"]
[Source "ChessBase"]
[SourceDate "2015.09.14"]
[SourceVersion "1"]
[SourceVersionDate "2015.09.14"]
[SourceQuality "1"]
[WhiteTeam "Austria (W)"]
[BlackTeam "Slovakia (W)"]
[WhiteTeamCountry "AUT"]
[BlackTeamCountry "SVK"]

1. e4 e6 2. d4 d5 3. Nc3 Nf6 4. e5 Nfd7 5. f4 c5 6. Nf3 Nc6 7. Be3 Be7 8. Qd2 0-0 9. dxc5 Nxc5 10. 0-0-0 Qa5 11. Kb1 Rd8 12. Nd4 Qc7 13. Qf2 Nxd4 14. Bxd4 a6 15. Bd3 b5 16. g4 Bd7 17. f5 Nxd3 18. Rxd3 Rdc8 19. f6 Bf8 20. Rh3 b4 21. Qh4 h6 22. fxg7 Bxg7 23. g5 h5 24. Qxh5 bxc3 25. Rf1 Be8 26. Qh7+ Kf8 27. Rxc3 Qe7 28. g6 Rxc3 29. Bxc3 Rc8 30. gxf7 Bxf7 31. Rg1 Bg8 32. Rf1+ Bf7 33. Rg1 Bg8 34. Rf1+ Bf7 35. Rg1 1/2-1/2

[Event "Vienna (Women)"]
[Site "Vienna"]
[Date "2015.04.08"]
[Round "9"]
[White "Sochorova, Petra"]
[Black "Gazikova, Veronika"]
[Result "1/2-1/2"]
[WhiteElo "2180"]
[BlackElo "2188"]
[PlyCount "85"]
[EventDate "2015.03.31"]
[EventType "tourn"]
[EventRounds "9"]
[EventCountry "AUT"]
[SourceTitle "CBM 165 Extra"]
[Source "ChessBase"]
[SourceDate "2015.04.21"]
[SourceVersion "1"]
[SourceVersionDate "2015.04.21"]
[SourceQuality "1"]

1. e4 Nf6 2. e5 Nd5 3. c4 Nb6 4. d4 d6 5. f4 dxe5 6. fxe5 c5 7. d5 e6 8. Nc3 exd5 9. cxd5 c4 10. d6 Nc6 11. Nb5 Qh4+ 12. g3 Qe4+ 13. Qe2 Qxe5 14. Nc7+ Kd8 15. Nxa8 Nxa8 16. Bf4 Qxe2+ 17. Bxe2 Nb6 18. Nf3 f6 19. 0-0-0 Bf5 20. Nd4 Bd7 21. Nxc6+ Bxc6 22. Rhf1 Be4 23. Rd4 Bd5 24. Rfd1 Bc6 25. Bxc4 Nxc4 26. Rxc4 Kd7 27. Be3 a6 28. Bb6 h5 29. h4 Rh6 30. Be3 Rh7 31. Bf4 g6 32. Rcd4 Rh8 33. Re1 Rg8 34. Rf1 Rh8 35. Kc2 Rh7 36. b3 Rf7 37. Re1 Bg7 38. Rd2 Bf8 39. Rde2 Bf3 40. Re3 Bd5 41. Rd1 Bc6 42. Rde1 Bd5 43. Rd1 1/2-1/2

[Event "Vienna (Women)"]
[Site "Vienna"]
[Date "2015.04.05"]
[Round "6"]
[White "Gazikova, Veronika"]
[Black "Schnegg, Anna Lena"]
[Result "1-0"]
[WhiteElo "2188"]
[BlackElo "2072"]
[PlyCount "51"]
[EventDate "2015.03.31"]
[EventType "tourn"]
[EventRounds "9"]
[EventCountry "AUT"]
[SourceTitle "CBM 165 Extra"]
[Source "ChessBase"]
[SourceDate "2015.04.21"]
[SourceVersion "1"]
[SourceVersionDate "2015.04.21"]
[SourceQuality "1"]

1. e4 e5 2. Nf3 Nc6 3. Bc4 Bc5 4. c3 Nf6 5. d3 a6 6. Bb3 Ba7 7. 0-0 d6 8. h3 h6 9. Re1 0-0 10. Nbd2 Re8 11. Nf1 Be6 12. Bc2 d5 13. Qe2 dxe4 14. dxe4 Qe7 15. Ng3 Rad8 16. Nh2 Qd7 17. Qf3 Nh7 18. Nh5 Kh8 19. Ng4 Ng5 20. Bxg5 Bxg4 21. hxg4 hxg5 22. Bb3 Kg8 23. Rad1 Qe7 24. Qf5 Na5 25. Qg6 Qf8 26. Nf6+ 1-0

[Event "Vienna (Women)"]
[Site "Vienna"]
[Date "2015.04.04"]
[Round "5"]
[White "Mareckova, Martina"]
[Black "Gazikova, Veronika"]
[Result "1-0"]
[WhiteElo "2116"]
[BlackElo "2188"]
[PlyCount "89"]
[EventDate "2015.03.31"]
[EventType "tourn"]
[EventRounds "9"]
[EventCountry "AUT"]
[SourceTitle "CBM 165 Extra"]
[Source "ChessBase"]
[SourceDate "2015.04.21"]
[SourceVersion "1"]
[SourceVersionDate "2015.04.21"]
[SourceQuality "1"]

1. e4 e6 2. d3 c5 3. g3 Nc6 4. Bg2 g6 5. Nc3 Bg7 6. Be3 d6 7. Qd2 Nd4 8. Nd1 Rb8 9. c3 Nc6 10. f4 Nge7 11. Nf3 b5 12. 0-0 0-0 13. d4 cxd4 14. Nxd4 Na5 15. b3 Qc7 16. Rc1 Rd8 17. Qf2 Bd7 18. f5 exf5 19. exf5 f6 20. Ne6 Bxe6 21. fxe6 Nac6 22. c4 b4 23. Nb2 Rbc8 24. Nd3 Re8 25. Nf4 Nf5 26. Bd5 Nxe3 27. Qxe3 f5 28. Bxc6 Qxc6 29. Qxa7 Qe4 30. Qf7+ Kh8 31. h4 Ra8 32. Rce1 Bd4+ 33. Kh2 Rxa2+ 34. Kh3 Qc6 35. e7 Bg7 36. Nd5 Raa8 37. h5 gxh5 38. Rxf5 h4 39. gxh4 h6 40. Rg1 Rg8 41. Qg6 Qe8 42. Rf7 Ra3 43. Qxg7+ Rxg7 44. Rf8+ Kh7 45. Nf6# 1-0

[Event "Vienna (Women)"]
[Site "Vienna"]
[Date "2015.03.31"]
[Round "1"]
[White "Gazikova, Veronika"]
[Black "Repkova, Eva"]
[Result "1/2-1/2"]
[WhiteElo "2188"]
[BlackElo "2342"]
[PlyCount "65"]
[EventDate "2015.03.31"]
[EventType "tourn"]
[EventRounds "9"]
[EventCountry "AUT"]
[SourceTitle "CBM 165 Extra"]
[Source "ChessBase"]
[SourceDate "2015.04.21"]
[SourceVersion "1"]
[SourceVersionDate "2015.04.21"]
[SourceQuality "1"]

1. e4 d5 2. exd5 Qxd5 3. Nc3 Qa5 4. d4 c6 5. Nf3 Nf6 6. Bd2 Bf5 7. Bc4 e6 8. Qe2 Bb4 9. Ne5 Nbd7 10. Nd3 Bxd3 11. Bxd3 Qb6 12. 0-0 Qxd4 13. Nb5 cxb5 14. c3 Qg4 15. Qxg4 Nxg4 16. cxb4 a6 17. Rac1 Rd8 18. Rfd1 Nb6 19. Be4 Nd5 20. Bxd5 Rxd5 21. Rc8+ Rd8 22. Rxd8+ Kxd8 23. Bc3+ Ke7 24. Bxg7 Rc8 25. Bc3 Nf6 26. f3 Nd5 27. Rd3 a5 28. a3 axb4 29. axb4 Nf4 30. Rd2 Nd5 31. Rd3 Nf4 32. Rd2 Nd5 33. Rd3 1/2-1/2

[Event "SVK-chT2B 1415"]
[Site "Slovakia"]
[Date "2015.03.08"]
[Round "11.3"]
[White "Gazikova, Veronika"]
[Black "Laho, Maros"]
[Result "1-0"]
[WhiteElo "2148"]
[BlackElo "1980"]
[PlyCount "44"]
[EventDate "2014.10.11"]
[EventType "team-tourn"]
[EventRounds "11"]
[EventCountry "SVK"]
[SourceTitle "EXT 2019"]
[Source "ChessBase"]
[SourceDate "2018.10.10"]
[SourceVersion "1"]
[SourceVersionDate "2018.10.10"]
[SourceQuality "1"]
[WhiteTeam "Bojnice SK PRM"]
[BlackTeam "Surany Lokomotiva"]
[WhiteTeamCountry "SVK"]
[BlackTeamCountry "SVK"]

1. e4 e6 2. d4 d5 3. Nd2 Nf6 4. e5 Nfd7 5. Bd3 c5 6. c3 Nc6 7. Ne2 cxd4 8. cxd4 f6 9. exf6 Qxf6 10. Nf3 h6 11. 0-0 Bd6 12. Ng3 0-0 13. Bc2 Re8 14. Re1 Nf8 15. Ne5 Qh4 16. f4 Nxe5 17. fxe5 Bc7 18. Rf1 Bd7 19. Rf4 Qe7 20. Qg4 Bxe5 21. dxe5 Qc5+ 22. Rf2 d4 1-0

[Event "SVK-chT2B 1415"]
[Site "Slovakia"]
[Date "2015.02.15"]
[Round "9.2"]
[White "Hudoba, Ondrej"]
[Black "Gazikova, Veronika"]
[Result "0-1"]
[WhiteElo "2187"]
[BlackElo "2148"]
[PlyCount "58"]
[EventDate "2014.10.11"]
[EventType "team-tourn"]
[EventRounds "11"]
[EventCountry "SVK"]
[SourceTitle "EXT 2019"]
[Source "ChessBase"]
[SourceDate "2018.10.10"]
[SourceVersion "1"]
[SourceVersionDate "2018.10.10"]
[SourceQuality "1"]
[WhiteTeam "Levice"]
[BlackTeam "Bojnice SK PRM"]
[WhiteTeamCountry "SVK"]
[BlackTeamCountry "SVK"]

1. e4 e6 2. d4 d5 3. e5 c5 4. c3 Nc6 5. Nf3 Bd7 6. dxc5 Bxc5 7. Bd3 Qc7 8. Bf4 Nge7 9. Qe2 f6 10. Bg3 f5 11. b4 Bb6 12. a4 a6 13. 0-0 0-0 14. Bf4 Ng6 15. g3 Nxf4 16. gxf4 Be8 17. Qb2 Bh5 18. Nbd2 Qe7 19. Kg2 d4 20. Rab1 dxc3 21. Qxc3 Rad8 22. Bc4 Nd4 23. Ng1 Kh8 24. Qg3 g5 25. fxg5 f4 26. Qh4 Bg6 27. f3 Nf5 28. Qe1 Ne3+ 29. Kh1 Bxb1 0-1

[Event "Krakow op-A 25th"]
[Site "Krakow"]
[Date "2014.12.30"]
[Round "5"]
[White "Gazikova, Veronika"]
[Black "Chkhaidze, Nikoloz"]
[Result "1-0"]
[WhiteElo "2148"]
[BlackElo "2203"]
[PlyCount "73"]
[EventDate "2014.12.27"]
[EventType "swiss"]
[EventRounds "9"]
[EventCountry "POL"]
[SourceTitle "CBM 164 Extra"]
[Source "ChessBase"]
[SourceDate "2015.03.02"]
[SourceVersion "1"]
[SourceVersionDate "2015.03.02"]
[SourceQuality "1"]

1. e4 e5 2. Nf3 Nc6 3. Bc4 Bc5 4. c3 Nf6 5. d3 d6 6. Nbd2 a6 7. Bb3 0-0 8. 0-0 Ba7 9. h3 Ne7 10. Re1 Ng6 11. Nf1 Be6 12. Bc2 h6 13. Ng3 Re8 14. d4 Bd7 15. Be3 exd4 16. Nxd4 d5 17. exd5 Nxd5 18. Bxg6 fxg6 19. Qb3 Bc8 20. Rad1 c6 21. Nc2 Qc7 22. Bxa7 Rxe1+ 23. Rxe1 Rxa7 24. Nb4 Qd8 25. Nxd5 cxd5 26. Re5 Kh7 27. Rxd5 Qc7 28. Qd1 Ra8 29. Qd4 Be6 30. Rd6 Re8 31. b3 Re7 32. c4 Bd7 33. Kh2 a5 34. a3 Be8 35. b4 Re1 36. c5 Qe7 37. Rd8 1-0

[Event "Krakow op-A 25th"]
[Site "Krakow"]
[Date "2014.12.29"]
[Round "4"]
[White "Wozniak, Mariola"]
[Black "Gazikova, Veronika"]
[Result "1-0"]
[WhiteElo "1983"]
[BlackElo "2148"]
[PlyCount "61"]
[EventDate "2014.12.27"]
[EventType "swiss"]
[EventRounds "9"]
[EventCountry "POL"]
[SourceTitle "CBM 164 Extra"]
[Source "ChessBase"]
[SourceDate "2015.03.02"]
[SourceVersion "1"]
[SourceVersionDate "2015.03.02"]
[SourceQuality "1"]

1. e4 e6 2. d4 d5 3. Nc3 Bb4 4. exd5 exd5 5. Bd3 Nf6 6. Nge2 Nc6 7. 0-0 Be6 8. h3 Qd7 9. Be3 0-0-0 10. Nf4 Rhg8 11. a3 Be7 12. Nxe6 fxe6 13. f4 g6 14. b4 h6 15. Na4 Nh5 16. Kh2 Bh4 17. Nc5 Qf7 18. Qg4 Bg3+ 19. Kg1 Rd6 20. Rf3 Qf6 21. c3 Bh4 22. f5 Bg5 23. fxe6 Bxe3+ 24. Rxe3 Qe7 25. Rf1 Kb8 26. Rf7 Qe8 27. Bxg6 Ne7 28. Qxh5 Rxg6 29. Ref3 Rg8 30. Nd7+ Kc8 31. Rf8 1-0

[Event "Krakow op-A 25th"]
[Site "Krakow"]
[Date "2014.12.28"]
[Round "2"]
[White "Ramondino, Renzo"]
[Black "Gazikova, Veronika"]
[Result "0-1"]
[WhiteElo "2255"]
[BlackElo "2148"]
[PlyCount "50"]
[EventDate "2014.12.27"]
[EventType "swiss"]
[EventRounds "9"]
[EventCountry "POL"]
[SourceTitle "CBM 164 Extra"]
[Source "ChessBase"]
[SourceDate "2015.03.02"]
[SourceVersion "1"]
[SourceVersionDate "2015.03.02"]
[SourceQuality "1"]

1. e4 Nf6 2. e5 Nd5 3. d4 d6 4. Nf3 g6 5. Bc4 Nb6 6. Bb3 Bg7 7. exd6 exd6 8. 0-0 0-0 9. Re1 Nc6 10. c3 Bf5 11. a4 Na5 12. Ba2 Bd7 13. b3 Rc8 14. Bd2 Be6 15. Na3 Bd5 16. Rb1 Nc6 17. Nc2 Nxa4 18. Ng5 Nb6 19. c4 Bxg2 20. Kxg2 Nxd4 21. Nxd4 Bxd4 22. Qg4 Bg7 23. Rbd1 Nd7 24. Qh4 h5 25. Bb1 Nc5 0-1

[Event "Olympiad Women-41"]
[Site "Tromsoe"]
[Date "2014.08.10"]
[Round "8.4"]
[White "Gazikova, Veronika"]
[Black "Marcinkeviciene, Egle"]
[Result "1-0"]
[WhiteElo "2034"]
[BlackElo "1675"]
[PlyCount "45"]
[EventDate "2014.08.02"]
[EventType "team-swiss"]
[EventRounds "11"]
[EventCountry "NOR"]
[SourceTitle "CBM 162"]
[Source "ChessBase"]
[SourceDate "2014.09.17"]
[SourceVersion "1"]
[SourceVersionDate "2014.09.17"]
[SourceQuality "1"]
[WhiteTeam "Slovakia (W)"]
[BlackTeam "ICCD (W)"]
[WhiteTeamCountry "SVK"]

1. e4 c5 2. Nf3 d6 3. d4 cxd4 4. Nxd4 Nf6 5. Nc3 a6 6. h3 e6 7. g4 h6 8. Bg2 Be7 9. Be3 Nbd7 10. 0-0 Qc7 11. Qd2 Ne5 12. b3 Rb8 13. f4 Ned7 14. g5 Ng8 15. g6 Nb6 16. gxf7+ Kxf7 17. e5 Bh4 18. Ne4 Be7 19. f5 exf5 20. Nxf5 dxe5 21. Nxe7+ Kxe7 22. Qb4+ Ke6 23. Bxb6 1-0